000 00718nam a2200289Ia 4500
003 OSt
005 20220912152444.0
006 a|||||r|||| 00| 0
007 ta
008 220909b |||||||| |||| 00| 0 eng d
024 _a46533
037 _cTextual
040 _aCSL
_beng
_cCSL
041 _aeng
082 _aG91, L3
100 _aLevy Julia
245 0 _aIntroductory microbiology
260 _c1973
300 _ap.
_ccm.
500 _aAppendix 651-652p
650 _a Microbiology
650 _aBiology
700 _a Blackburn T Henry
700 _a Campbell Jack J R
942 _hG91, L3
_cTEXL
_2CC
999 _c86444
_d86444